Normal view
MARC view
- Suat Chin, Leong
Entry Personal Name
001 - CONTROL NUMBER
- control field: 4866
003 - CONTROL NUMBER IDENTIFIER
- control field: OSt
005 - DATE AND TIME OF LATEST TRANSACTION
- control field: 20170516100046.0
008 - FIXED-LENGTH DATA ELEMENTS
- fixed length control field: 170516|| aca||aabn | a|a d
040 ## - CATALOGING SOURCE
- Original cataloging agency: OSt
- Transcribing agency: OSt
100 ## - HEADING--PERSONAL NAME
- Personal name: Suat Chin, Leong
670 ## - SOURCE DATA FOUND
- Source citation: Work cat.: (OSt)0: Koh, Judy 4865, Dewan's new comprehensive secondary English :, 1981

PORTAL AKMAL
E-MEL JKDM
AKMAL2U
G-BAM
u-PUSTAKA